000 00347nam a2200109Ia 4500
008 130320s9999 xx 000 0 und d
100 _aDhanya P Nair
245 _aInformation resource management system
502 _bMCA
_dEXT
_eSainul Abideen P
_h Bharathiyar University, Coimbatore
650 _aRESOURSE MANAGEMENT
650 _aINFORMATION MANAGEMENT
999 _c2655
_d2655